| 000 | 00480cam a22001457a 4500 | ||
|---|---|---|---|
| 008 | 180718b2003 xxu||||| |||| 00| 0 eng d | ||
| 082 | _aAPPPA 2002-03 SHA/28 | ||
| 100 | _aSharma, S.K. | ||
| 245 |
_aEfforts in the direction of manpower planning by Indian railways: a case study _cby S.K. Sharma |
||
| 260 |
_aNew Delhi _bIndian Institute of Public Administration _c2003 |
||
| 300 | _a60p. | ||
| 650 | _aAPPPA | ||
| 650 | _aRailroads - India | ||
| 650 | _aManpower planning - India | ||
| 999 |
_c492716 _d492716 |
||